<?xml version="1.0" encoding="UTF-8"?>
<collection xmlns="http://www.loc.gov/MARC21/slim">
 <record>
  <leader>00345nam a22001335a 4500</leader>
  <controlfield tag="001">CEM.cems018921</controlfield>
  <controlfield tag="008">211019s2015####xx############000#0#und#d</controlfield>
  <controlfield tag="005">20211019174218.0</controlfield>
  <controlfield tag="003">CEMS</controlfield>
  <datafield tag="245" ind1="1" ind2="0">
   <subfield code="a">The last photo /</subfield>
   <subfield code="c">Bernarf Smith.</subfield>
  </datafield>
  <datafield tag="260" ind1=" " ind2=" ">
   <subfield code="c">2015.</subfield>
  </datafield>
  <datafield tag="653" ind1=" " ind2=" ">
   <subfield code="a">Texto Inglés</subfield>
  </datafield>
  <datafield tag="653" ind1=" " ind2=" ">
   <subfield code="a">Caja Inglés 1</subfield>
  </datafield>
  <datafield tag="859" ind1=" " ind2=" ">
   <subfield code="a">CEMS</subfield>
   <subfield code="b">BIB. CEMS - 11 de abril</subfield>
   <subfield code="p">SSR-44</subfield>
   <subfield code="t">Ej. 1</subfield>
  </datafield>
 </record>
</collection>
